Statistics for A Quiz With No Geography

Click here to take the quiz!

General Stats

  • This quiz has been taken 36 times
  • The average score is 7 of 10

Answer Stats

HintAnswer% Correct
6. Type nothing for this question.(√169)+3
90%
5. If you travel for an hour, how many miles will you have traveled if at a constant speed of 60 miles per hour?60
87%
1. Skip this question.No
84%
9. What common synonym for the past tense of "weep" starts with with the letter C?Cried
81%
3. Do the math problem that appears when you answer question 6.Q10, letter 3
81%
7. Is the number of words in all 10 questions (excluding the numbers at the beginning of each) even or odd?Type "No" for Q1.
77%
10. How many times does the letter A appear in the questions of this quiz?32
65%
2. Rearrange the letters of the answer to question 9 to name a type of drink.Cider
65%
8. Type the answer to Answer 3 here.W
55%
4. When is a door not a door? When it is ___.Ajar
45%

Score Distribution

Percentile by Number Answered

Percent of People with Each Score

Your Score History

You have not taken this quiz